000 00340nam a22001457a 4500
008 221102b ||||| |||| 00| 0 eng d
020 _a2900312601408
041 _aeng
080 _2second edition
_a004
082 _2004
100 _a19.2
101 _ashk
245 _aMODERATE AND SEVERE DISABILITIES
_cCOLLINS B
942 _2udc
_cBK
999 _c58713
_d58713